[Event "Daventry 4NCL Easter op-A 3rd"]
[Site "Daventry"]
[Date "2023.04.09"]
[Round "4"]
[White "Estevez Fernandez, Josue"]
[Black "Walker, Martin Graham"]
[Result "0-1"]
[WhiteElo "1832"]
[BlackElo "2083"]
[PlyCount "94"]
[EventDate "2023.04.07"]
[EventType "swiss"]
[EventRounds "7"]
[EventCountry "ENG"]
[SourceTitle "CBM 213 Extra"]
[Source "ChessBase"]
[SourceDate "2023.05.31"]
[SourceVersion "1"]
[SourceVersionDate "2023.05.31"]
[SourceQuality "1"]

1. e4 Nf6 2. e5 Nd5 3. d4 d6 4. c4 Nb6 5. f4 dxe5 6. fxe5 Nc6 7. Be3 Bf5 8. Nc3 e6 9. Nf3 Bg4 10. Be2 Bxf3 11. gxf3 Qh4+ 12. Bf2 Qf4 13. c5 Nd7 14. 0-0 0-0-0 15. Qa4 Be7 16. Rad1 Bh4 17. b4 Bxf2+ 18. Rxf2 Nxd4 19. Qxa7 Nb8 20. b5 Nxe2+ 21. Rxe2 Rxd1+ 22. Nxd1 Qc1 23. c6 Qxd1+ 24. Kf2 bxc6 25. bxc6 Qb1 26. Qa3 Qb6+ 27. Kg2 Qa6 28. Qb2 Rd8 29. Rc2 Rd1 30. Qc3 Qf1+ 31. Kg3 Qe1+ 32. Kf4 Qxc3 33. Rxc3 Rd2 34. h4 Rxa2 35. h5 Ra4+ 36. Kg3 Ra6 37. h6 g6 38. Rd3 Nxc6 39. f4 Ne7 40. Kg4 Ra4 41. Kg5 Nd5 42. Rxd5 exd5 43. Kf6 Rxf4+ 44. Kg7 d4 45. Kxh7 d3 46. Kg7 d2 47. h7 Rh4 0-1

[Event "BCF-chT3Sb 1920 (4NCL)"]
[Site "England"]
[Date "2019.11.10"]
[Round "2.74"]
[White "Alizada, Eldar"]
[Black "Estevez Fernandez, Josue"]
[Result "1/2-1/2"]
[WhiteElo "2087"]
[BlackElo "1939"]
[PlyCount "92"]
[EventDate "2019.11.09"]
[EventType "team-tourn"]
[EventRounds "11"]
[EventCountry "ENG"]
[SourceTitle "EXT 2023"]
[Source "ChessBase"]
[SourceDate "2022.10.05"]
[SourceVersion "1"]
[SourceVersionDate "2022.10.05"]
[SourceQuality "1"]
[WhiteTeam "Oxford II"]
[BlackTeam "MK Phoenix"]
[WhiteTeamCountry "ENG"]
[BlackTeamCountry "ENG"]

1. d4 Nf6 2. c4 e6 3. Nf3 Bb4+ 4. Bd2 Qe7 5. e3 0-0 6. Bd3 Bxd2+ 7. Qxd2 d6 8. Nc3 e5 9. e4 Bg4 10. d5 Bxf3 11. gxf3 Nh5 12. 0-0-0 Qf6 13. Rhg1 Nf4 14. Rg4 Nd7 15. Ne2 Nxe2+ 16. Bxe2 a5 17. Rdg1 g6 18. f4 exf4 19. Rxf4 Qg7 20. Rf3 Nc5 21. Re3 Rfe8 22. Bd3 a4 23. Bb1 Qf6 24. Rgg3 Re5 25. Re2 Rae8 26. Qc3 Qf4+ 27. Qe3 Qxe3+ 28. Rgxe3 Rh5 29. f4 Rh4 30. Rf3 f5 31. e5 dxe5 32. fxe5 Rxc4+ 33. Rc3 b5 34. Rxc4 bxc4 35. Kd2 Nd7 36. e6 Nb6 37. Bc2 Kf8 38. Re5 Ke7 39. Kc3 Kd6 40. Kd4 Re7 41. Bd1 c5+ 42. dxc6 Rxe6 43. Rxe6+ Kxe6 44. Kc5 Nc8 45. Bxa4 g5 46. c7 f4 1/2-1/2